<?xml version="1.0" encoding="UTF-8"?>
<collection xmlns="http://www.loc.gov/MARC21/slim">
 <record>
  <leader>01805nam a2200229Ia 4500</leader>
  <controlfield tag="001">CTU_228370</controlfield>
  <controlfield tag="008">210402s9999    xx            000 0 und d</controlfield>
  <datafield tag="082" ind1=" " ind2=" ">
   <subfield code="a">664.2</subfield>
  </datafield>
  <datafield tag="082" ind1=" " ind2=" ">
   <subfield code="b">L305</subfield>
  </datafield>
  <datafield tag="088" ind1=" " ind2=" ">
   <subfield code="a">9540101</subfield>
  </datafield>
  <datafield tag="100" ind1=" " ind2=" ">
   <subfield code="a">Dương, Thị Phượng Liên</subfield>
  </datafield>
  <datafield tag="245" ind1=" " ind2="0">
   <subfield code="a">Nghiên cứu chế biến các sản phẩm thực phẩm có hoạt tính sinh học cao từ hạt đậu nành mầm :</subfield>
  </datafield>
  <datafield tag="245" ind1=" " ind2="0">
   <subfield code="b">Luận án tiến sĩ ngành: Công nghệ thực phẩm</subfield>
  </datafield>
  <datafield tag="245" ind1=" " ind2="0">
   <subfield code="c">Dương Thị Phượng Liên ; Hà Thanh Toàn, Phan Thị Bích Trâm (hướng dẫn khoa học)</subfield>
  </datafield>
  <datafield tag="260" ind1=" " ind2=" ">
   <subfield code="a">Cần Thơ</subfield>
  </datafield>
  <datafield tag="260" ind1=" " ind2=" ">
   <subfield code="b">Trường Đại học Cần Thơ</subfield>
  </datafield>
  <datafield tag="260" ind1=" " ind2=" ">
   <subfield code="c">2018</subfield>
  </datafield>
  <datafield tag="520" ind1=" " ind2=" ">
   <subfield code="a">Xây dựng qui trình trích ly polyphenol và khảo sát khả năng chống oxy hóa trong hạt đậu nành nhằm tuyển chọn giống đậu nành tốt nhất làm nguyên liệu chế biến sữa đậu nành và tàu hũ lụa. Xác định điều kiện nẩy mầm đậu nành tối ưu cho hoạt tính chống oxy hóa cao. Khảo sát ảnh hưởng của các yếu tố liên quan đến khả năng chống oxy hóa trong qui trình chế biến sữa đậu nành đóng chai tiệt trùng và tàu hũ lụa từ đậu nành nẩy mầm. Thử nghiệm khả năng hỗ trợ điều trị tổn thương viêm gan mạn trên chuột của sữa đậu nành và tàu hũ lụa từ đậu nành nẩy mầm.</subfield>
  </datafield>
  <datafield tag="650" ind1=" " ind2=" ">
   <subfield code="a">Đậu nành,Soybean</subfield>
  </datafield>
  <datafield tag="650" ind1=" " ind2=" ">
   <subfield code="x">Công nghệ sinh học,Biotechnology</subfield>
  </datafield>
  <datafield tag="910" ind1=" " ind2=" ">
   <subfield code="b">dqhieu</subfield>
  </datafield>
  <datafield tag="980" ind1=" " ind2=" ">
   <subfield code="a">Trung tâm Học liệu Trường Đại học Cần Thơ</subfield>
  </datafield>
 </record>
</collection>
